[Event "Landesliga Nord U20 1819"]
[Site "Bayern"]
[Date "2019.01.26"]
[Round "4.3"]
[White "Handschuh, Felix"]
[Black "Heinrich, Leon"]
[Result "0-1"]
[WhiteElo "1357"]
[BlackElo "1658"]
[PlyCount "58"]
[EventDate "2018.11.17"]
[EventType "team-tourn"]
[EventRounds "7"]
[EventCountry "GER"]
[SourceTitle "EXT 2022"]
[Source "ChessBase"]
[SourceDate "2021.10.06"]
[SourceVersion "1"]
[SourceVersionDate "2021.10.06"]
[SourceQuality "1"]
[WhiteTeam "Ergolding FC U20 II"]
[BlackTeam "Nuernberg Sued SW U20"]
[WhiteTeamCountry "GER"]
[BlackTeamCountry "GER"]

1. e4 c5 2. b3 d6 3. Bb5+ Nd7 4. Bxd7+ Bxd7 5. Bb2 Nf6 6. e5 dxe5 7. Bxe5 g6 8. Nf3 Bg7 9. 0-0 0-0 10. Bb2 Bg4 11. h3 Bf5 12. d3 Nd5 13. d4 Nb4 14. c3 Nc2 15. g4 Be4 16. Qe2 f5 17. gxf5 Bxf5 18. Rd1 cxd4 19. Nxd4 Bxd4 20. cxd4 Nxa1 21. Qc4+ Rf7 22. Bxa1 Rc8 23. Qe2 Rc2 24. Qe5 Qd6 25. Nc3 Qxe5 26. dxe5 Bxh3 27. Ne4 Bg4 28. Rd8+ Rf8 29. Rd3 Rc1+ 0-1

[Event "Wiesbaden op 30th"]
[Site "Wiesbaden"]
[Date "2018.08.25"]
[Round "4"]
[White "Brechlin, Olaf"]
[Black "Heinrich, Leon"]
[Result "0-1"]
[WhiteElo "1849"]
[BlackElo "1638"]
[PlyCount "64"]
[EventDate "2018.08.23"]
[EventType "swiss"]
[EventRounds "7"]
[EventCountry "GER"]
[SourceTitle "CBM 186 Extra"]
[Source "ChessBase"]
[SourceDate "2018.08.24"]
[SourceVersion "1"]
[SourceVersionDate "2018.08.24"]
[SourceQuality "1"]

1. Nc3 c5 2. g3 Nc6 3. Bg2 Nf6 4. e4 d6 5. d3 e6 6. f4 Be7 7. Nf3 0-0 8. Ne2 b6 9. 0-0 Qc7 10. h3 d5 11. e5 Nd7 12. c3 b5 13. g4 Nb6 14. Ng3 b4 15. Qe1 Ba6 16. Qe3 Nd7 17. Re1 d4 18. cxd4 cxd4 19. Qd2 Rac8 20. Ne4 b3 21. axb3 Bb4 22. Qe2 Bxe1 23. Rxa6 Ba5 24. Bd2 Ndb8 25. Rxa5 Nxa5 26. Nxd4 Nbc6 27. Nb5 Qb6+ 28. Kh2 Qxb5 29. g5 Nd4 30. Qh5 Naxb3 31. Nf6+ gxf6 32. gxf6 Qxd3 0-1

[Event "Wiesbaden op 30th"]
[Site "Wiesbaden"]
[Date "2018.08.24"]
[Round "3"]
[White "Heinrich, Leon"]
[Black "Baehrle, Julius"]
[Result "1-0"]
[WhiteElo "1638"]
[BlackElo "1373"]
[PlyCount "111"]
[EventDate "2018.08.23"]
[EventType "swiss"]
[EventRounds "7"]
[EventCountry "GER"]
[SourceTitle "CBM 186 Extra"]
[Source "ChessBase"]
[SourceDate "2018.08.24"]
[SourceVersion "1"]
[SourceVersionDate "2018.08.24"]
[SourceQuality "1"]

1. b3 d6 2. Bb2 Nf6 3. e3 a6 4. Nf3 Nc6 5. d4 g6 6. c4 Bf5 7. Nc3 Nb4 8. Rc1 Bh6 9. h3 0-0 10. g4 Be4 11. g5 Bxg5 12. Nxe4 Nxe4 13. a3 Nc6 14. Bd3 f5 15. Bxe4 Bf6 16. Bd5+ Kg7 17. h4 h5 18. Rg1 Rg8 19. Bxg8 Qxg8 20. Ng5 Rd8 21. Qc2 e5 22. d5 Ne7 23. Ne6+ Kf7 24. Nxd8+ Qxd8 25. Rh1 c6 26. dxc6 Nxc6 27. Qd2 Be7 28. Rd1 Ke6 29. Qd5+ Kf6 30. f4 Qc7 31. fxe5+ dxe5 32. Rg1 Qa5+ 33. Qxa5 Nxa5 34. b4 Nxc4 35. Bc1 e4 36. Rd7 Ne5 37. Bb2 Ke6 38. Rxe7+ Kxe7 39. Bxe5 Ke6 40. Bd4 Kd5 41. Rxg6 Kc4 42. Rf6 Kb3 43. Rxf5 Kxa3 44. b5 a5 45. b6 a4 46. Rxh5 Kb3 47. Re5 a3 48. h5 a2 49. h6 Kc2 50. h7 Kb1 51. Ra5 a1R 52. Rxa1+ Kc2 53. h8Q Kd3 54. Qe5 Kc2 55. Qc5+ Kb3 56. Qc3# 1-0

[Event "Pfarrkirchen Rottal op 2nd"]
[Site "Pfarrkirchen"]
[Date "2018.04.01"]
[Round "5"]
[White "Achermann, Didier"]
[Black "Heinrich, Leon"]
[Result "1-0"]
[WhiteElo "1757"]
[BlackElo "1631"]
[PlyCount "53"]
[EventDate "2018.03.30"]
[EventType "swiss"]
[EventRounds "7"]
[EventCountry "GER"]
[SourceTitle "CBM 183 Extra"]
[Source "ChessBase"]
[SourceDate "2018.04.19"]
[SourceVersion "1"]
[SourceVersionDate "2018.04.19"]
[SourceQuality "1"]

1. e4 c5 2. Nf3 d6 3. d4 cxd4 4. Nxd4 Nf6 5. Nc3 Nc6 6. Nb3 g6 7. Be3 Bg7 8. f3 0-0 9. Qd2 a5 10. Nd4 Re8 11. Ndb5 b6 12. 0-0-0 Ba6 13. Kb1 Bb7 14. h4 Nb4 15. a3 Na6 16. g4 Nc5 17. h5 Ne6 18. Bc4 Bc8 19. Rh2 Nf8 20. Rdh1 Be6 21. Bxe6 fxe6 22. Bh6 Bh8 23. Nd4 Qd7 24. Bxf8 Rxf8 25. hxg6 Bg7 26. g5 Ne8 27. Rxh7 1-0

[Event "Innsbruck op-B 1st"]
[Site "Innsbruck"]
[Date "2017.08.31"]
[Round "7"]
[White "Lerch, Johannes"]
[Black "Heinrich, Leon"]
[Result "0-1"]
[WhiteElo "1453"]
[BlackElo "1620"]
[PlyCount "120"]
[EventDate "2017.08.25"]
[EventType "swiss"]
[EventRounds "9"]
[EventCountry "AUT"]
[SourceTitle "CBM 180 Extra"]
[Source "ChessBase"]
[SourceDate "2017.10.06"]
[SourceVersion "1"]
[SourceVersionDate "2017.10.06"]
[SourceQuality "1"]

1. d4 c5 2. d5 Nf6 3. Nc3 e6 4. e4 exd5 5. exd5 Qb6 6. Nf3 Be7 7. Be2 d6 8. 0-0 Bg4 9. Rb1 0-0 10. Bf4 Qb4 11. Bg3 Nh5 12. a3 Qa5 13. Bh4 Bxh4 14. Nxh4 Bxe2 15. Qxe2 Nf4 16. Qg4 Ng6 17. Nxg6 hxg6 18. Rfe1 Qd8 19. Re2 Nd7 20. f4 Nf6 21. Qf3 Re8 22. Rbe1 Qb6 23. b3 c4+ 24. Qf2 Qa5 25. Rxe8+ Rxe8 26. Rxe8+ Nxe8 27. Qe2 Qxc3 28. Qxe8+ Kh7 29. bxc4 Qd4+ 30. Kf1 Qxf4+ 31. Ke1 Qc1+ 32. Kf2 Qf4+ 33. Ke1 Qc1+ 34. Kf2 Qxc2+ 35. Kg3 Qd3+ 36. Kf2 Qxc4 37. Qd8 Qd4+ 38. Ke2 Qxd5 39. g4 Qg2+ 40. Ke3 Qxh2 41. Ke4 Qe5+ 42. Kf3 Qf6+ 43. Qxf6 gxf6 44. Ke4 Kh6 45. Kd5 f5 46. gxf5 gxf5 47. Kxd6 f4 48. Kc7 f3 49. Kxb7 f2 50. Kxa7 f1Q 51. a4 Qa1 52. Kb8 Qxa4 53. Kb7 Qb5+ 54. Ka8 Qd7 55. Kb8 Kg6 56. Ka8 Kf6 57. Kb8 Ke6 58. Ka8 Kd6 59. Kb8 Kc6 60. Ka8 Qb7# 0-1

[Event "Bayernliga U20 1617"]
[Site "Bayern"]
[Date "2017.03.11"]
[Round "6.6"]
[White "Costa, Leonardo"]
[Black "Heinrich, Leon"]
[Result "1-0"]
[WhiteElo "1791"]
[BlackElo "1547"]
[PlyCount "50"]
[EventDate "2016.11.12"]
[EventType "team-tourn"]
[EventRounds "7"]
[EventCountry "GER"]
[SourceTitle "EXT 2022"]
[Source "ChessBase"]
[SourceDate "2021.10.06"]
[SourceVersion "1"]
[SourceVersionDate "2021.10.06"]
[SourceQuality "1"]
[WhiteTeam "Muenchen SO SK U20"]
[BlackTeam "Nuernberg Sued SW U20"]
[WhiteTeamCountry "GER"]
[BlackTeamCountry "GER"]

1. e4 c5 2. Nf3 d6 3. d4 cxd4 4. Nxd4 Nf6 5. Nc3 Nc6 6. Be3 e5 7. Nb3 Be7 8. Be2 0-0 9. 0-0 Be6 10. Kh1 d5 11. exd5 Nxd5 12. Nxd5 Bxd5 13. Qd2 Rc8 14. Rad1 Be6 15. Nc5 Bxc5 16. Bxc5 Re8 17. Qe3 Qf6 18. c3 b6 19. Bd6 Bxa2 20. Bb5 Re6 21. Ba3 Rd8 22. Qe4 Bb3 23. Rxd8+ Nxd8 24. Qb4 h6 25. Qxb3 Nb7 1-0

[Event "Mittelfranken-chTB2a 1617"]
[Site "Mittelfranken"]
[Date "2017.03.05"]
[Round "7.8"]
[White "Kreidl, Franz"]
[Black "Heinrich, Leon"]
[Result "1-0"]
[WhiteElo "1337"]
[BlackElo "1547"]
[PlyCount "85"]
[EventDate "2016.10.23"]
[EventType "team-tourn"]
[EventRounds "9"]
[EventCountry "GER"]
[SourceTitle "EXT 2022"]
[Source "ChessBase"]
[SourceDate "2021.10.06"]
[SourceVersion "1"]
[SourceVersionDate "2021.10.06"]
[SourceQuality "1"]
[WhiteTeam "Cadolzburg"]
[BlackTeam "Nuernberg Sued SW IV"]
[WhiteTeamCountry "GER"]
[BlackTeamCountry "GER"]

1. e4 c5 2. Bc4 Nc6 3. c3 e6 4. d3 d5 5. exd5 exd5 6. Bb5 Bd7 7. h3 Nf6 8. Bg5 Be7 9. Nf3 0-0 10. 0-0 a6 11. Ba4 b5 12. Bc2 h6 13. Bh4 Bf5 14. Bg3 Bd6 15. Nh4 Bh7 16. Nd2 Qc7 17. Bxd6 Qxd6 18. Nhf3 g5 19. Nh2 h5 20. f3 Kh8 21. Qe1 Rg8 22. Qf2 Raf8 23. Rae1 Ne7 24. g4 Ng6 25. d4 c4 26. Bxg6 Bxg6 27. Re5 Bd3 28. Rfe1 hxg4 29. Nxg4 Nxg4 30. fxg4 a5 31. Nf3 f6 32. Re7 Be4 33. Ra7 Qb6 34. Re7 Qd6 35. Ra7 a4 36. Nd2 Re8 37. a3 Rgf8 38. Qe3 Bd3 39. Qf2 Be4 40. Re3 Kg8 41. h4 Re6 42. Nxe4 Rxe4 43. Qf5 1-0

[Event "Pyramiden Franken Cup"]
[Site "Fuerth"]
[Date "2015.09.06"]
[Round "7"]
[White "Dresel, Martin"]
[Black "Heinrich, Leon"]
[Result "1-0"]
[WhiteElo "1699"]
[BlackElo "1612"]
[PlyCount "109"]
[EventDate "2015.09.03"]
[EventType "swiss"]
[EventRounds "7"]
[EventCountry "GER"]
[SourceTitle "EXT 2016"]
[Source "ChessBase"]
[SourceDate "2015.10.08"]
[SourceVersion "1"]
[SourceVersionDate "2015.10.08"]
[SourceQuality "1"]

1. d4 c5 2. d5 Nf6 3. c4 b5 4. cxb5 a6 5. e3 e6 6. Nc3 Bb7 7. dxe6 fxe6 8. bxa6 Bxa6 9. Bxa6 Nxa6 10. Nf3 d5 11. 0-0 Be7 12. Qa4+ Nd7 13. Ne5 Nb4 14. Qxd7+ Qxd7 15. Nxd7 Kxd7 16. Rd1 Bf6 17. Rd2 Ke7 18. a3 Rhd8 19. Rb1 Nc6 20. Ne2 e5 21. Nc3 Ke6 22. Nb5 Rd7 23. Nc3 d4 24. Ne4 Be7 25. exd4 exd4 26. Re2 Kf5 27. Bd2 Rb8 28. h3 d3 29. Re3 c4 30. Bc3 Bf8 31. Rbe1 Nd4 32. Ng3+ Kg6 33. Re4 Nc2 34. Rd1 Rc8 35. Nf1 Be7 36. Ne3 Nxe3 37. Rxe3 Bf6 38. Bxf6 gxf6 39. Rd2 Rdc7 40. g4 c3 41. bxc3 Rxc3 42. a4 Ra3 43. a5 Rxa5 44. Rexd3 Rc7 45. Kg2 h5 46. Rd6 hxg4 47. hxg4 Rg5 48. Kg3 Re5 49. Ra2 Rc3+ 50. Kg2 Kg5 51. f3 Ree3 52. Rf2 Rb3 53. Rd5+ Kg6 54. Rf5 Rbc3 55. Rd2 1-0

[Event "Pyramiden Franken Cup"]
[Site "Fuerth"]
[Date "2015.09.04"]
[Round "2"]
[White "Heinrich, Leon"]
[Black "Koch, Christian1111"]
[Result "0-1"]
[WhiteElo "1612"]
[BlackElo "1925"]
[PlyCount "104"]
[EventDate "2015.09.03"]
[EventType "swiss"]
[EventRounds "7"]
[EventCountry "GER"]
[SourceTitle "EXT 2016"]
[Source "ChessBase"]
[SourceDate "2015.10.08"]
[SourceVersion "1"]
[SourceVersionDate "2015.10.08"]
[SourceQuality "1"]

1. d4 Nf6 2. c4 g6 3. Nf3 Bg7 4. Nc3 0-0 5. e4 d6 6. Be3 e5 7. d5 Nbd7 8. b4 a5 9. a3 b6 10. Be2 h6 11. 0-0 Ng4 12. Bd2 f5 13. Qc2 f4 14. Na4 Ngf6 15. Bd3 axb4 16. axb4 Ba6 17. Ra2 g5 18. Rfa1 g4 19. Ne1 Bc8 20. c5 Nh7 21. f3 gxf3 22. Nxf3 Ndf6 23. cxb6 cxb6 24. Qc6 Rb8 25. Rc1 b5 26. Nb2 Rf7 27. Ra8 Rxa8 28. Qxa8 Rf8 29. Nd1 Ng5 30. Nf2 Nxf3+ 31. gxf3 Nh7 32. Kh1 Bg4 33. Qxd8 Bxf3+ 34. Kg1 Rxd8 35. Bxb5 Nf6 36. Bd3 Rb8 37. b5 Bf8 38. Rb1 Nd7 39. Nd1 Nc5 40. Bc2 Nxe4 41. Ba5 Nc5 42. Nc3 Ra8 43. Bb4 Nb7 44. Kf2 Bh5 45. Na4 e4 46. Nc3 e3+ 47. Ke1 Be7 48. Bd3 Kf7 49. Kf1 Bg4 50. Kg2 Rg8 51. Kf1 f3 52. Ba3 Bh3+ 0-1

[Event "Pyramiden Franken Cup"]
[Site "Fuerth"]
[Date "2015.09.04"]
[Round "3"]
[White "Shen, Julian"]
[Black "Heinrich, Leon"]
[Result "1-0"]
[WhiteElo "1815"]
[BlackElo "1612"]
[PlyCount "51"]
[EventDate "2015.09.03"]
[EventType "swiss"]
[EventRounds "7"]
[EventCountry "GER"]
[SourceTitle "EXT 2016"]
[Source "ChessBase"]
[SourceDate "2015.10.08"]
[SourceVersion "1"]
[SourceVersionDate "2015.10.08"]
[SourceQuality "1"]

1. e4 c5 2. Nf3 d6 3. d4 cxd4 4. Nxd4 Nf6 5. Nc3 Nc6 6. Bc4 e5 7. Nb3 Be7 8. Bg5 a6 9. a4 0-0 10. Qd2 Qd7 11. 0-0-0 Rd8 12. Bxf6 Bxf6 13. Nd5 Qe8 14. Nxf6+ gxf6 15. Qh6 Be6 16. Rd3 Ne7 17. Bxe6 fxe6 18. Qxf6 Ng6 19. Rhd1 Qxa4 20. Qxe6+ Kh8 21. f3 Rac8 22. Rxd6 Re8 23. Qf6+ Kg8 24. Rd7 Re7 25. Rxe7 Nxe7 26. Qxe7 1-0

[Event "Pyramiden Franken Cup"]
[Site "Fuerth"]
[Date "2014.09.07"]
[Round "7"]
[White "Wieczorek, Heinz"]
[Black "Heinrich, Leon"]
[Result "1-0"]
[WhiteElo "1825"]
[BlackElo "1537"]
[PlyCount "47"]
[EventDate "2014.09.04"]
[EventType "swiss"]
[EventRounds "7"]
[EventCountry "GER"]
[SourceTitle "CBM 162 Extra"]
[Source "ChessBase"]
[SourceDate "2014.10.17"]
[SourceVersion "1"]
[SourceVersionDate "2014.10.17"]
[SourceQuality "1"]

1. e4 e5 2. Nf3 Nc6 3. Bc4 Bc5 4. d3 h6 5. c3 Nf6 6. b4 Bb6 7. b5 Na5 8. Nxe5 0-0 9. Nd2 d5 10. Bb3 Re8 11. f4 Be3 12. Qf3 Bxd2+ 13. Bxd2 Nxb3 14. axb3 dxe4 15. dxe4 Nxe4 16. Qxe4 f6 17. 0-0-0 fxe5 18. Rhe1 Qe7 19. Kb2 Bd7 20. fxe5 Bxb5 21. Qd5+ Qe6 22. Qxb5 Rad8 23. Qe2 Qd5 24. Bf4 1-0

[Event "Pyramiden Franken Cup"]
[Site "Fuerth"]
[Date "2014.09.06"]
[Round "5"]
[White "Kornitzky, Siegfried"]
[Black "Heinrich, Leon"]
[Result "0-1"]
[WhiteElo "1563"]
[BlackElo "1537"]
[PlyCount "48"]
[EventDate "2014.09.04"]
[EventType "swiss"]
[EventRounds "7"]
[EventCountry "GER"]
[SourceTitle "CBM 162 Extra"]
[Source "ChessBase"]
[SourceDate "2014.10.17"]
[SourceVersion "1"]
[SourceVersionDate "2014.10.17"]
[SourceQuality "1"]

1. c4 e5 2. Nc3 Nf6 3. g3 Bc5 4. Bg2 Nc6 5. Nf3 d5 6. cxd5 Nxd5 7. 0-0 Nxc3 8. bxc3 0-0 9. Bb2 Be6 10. Qc2 h6 11. Rfd1 Bb6 12. d4 exd4 13. Nxd4 Nxd4 14. cxd4 c6 15. e4 Rc8 16. Rd3 Qd7 17. f4 c5 18. d5 c4+ 19. Rd4 c3 20. dxe6 Qxd4+ 21. Kh1 cxb2 22. exf7+ Kh8 23. Rd1 Rxc2 24. Rxd4 b1Q+ 0-1

[Event "Nuremberg Zabo op 14th"]
[Site "Nuremberg"]
[Date "2012.09.15"]
[Round "2.32"]
[White "Gude, Michael"]
[Black "Heinrich, Leon"]
[Result "1-0"]
[WhiteElo "1611"]
[BlackElo "1342"]
[PlyCount "83"]
[EventDate "2012.09.14"]
[EventType "swiss"]
[EventRounds "5"]
[EventCountry "GER"]
[SourceTitle "EXT 2022"]
[Source "ChessBase"]
[SourceDate "2021.10.06"]
[SourceVersion "1"]
[SourceVersionDate "2021.10.06"]
[SourceQuality "1"]

1. e4 e5 2. Nf3 Nc6 3. Bc4 Bc5 4. c3 Nf6 5. d3 d5 6. exd5 Nxd5 7. 0-0 0-0 8. b4 Bb6 9. Bg5 f6 10. Bh4 a6 11. h3 Kh8 12. a4 Nf4 13. Bg3 Ng6 14. Re1 Bd7 15. Nbd2 Qc8 16. Nf1 Be6 17. Bxe6 Qxe6 18. a5 Ba7 19. Qc2 Qf7 20. Rad1 Rfe8 21. Nh4 Nxh4 22. Bxh4 Ne7 23. d4 exd4 24. cxd4 Ng6 25. Bg3 Rxe1 26. Rxe1 Bxd4 27. Ne3 Ne5 28. Qe4 Bxe3 29. Rxe3 Rf8 30. Qxb7 Qc4 31. Bxe5 fxe5 32. Qe4 Qxe4 33. Rxe4 Re8 34. f4 c6 35. fxe5 Kg8 36. Kf2 Kf8 37. Ke3 Ke7 38. Kd4 Kd7 39. Kc5 Kc7 40. e6 Re7 41. Re5 h6 42. g4 1-0

[Event "Nuremberg Zabo op 14th"]
[Site "Nuremberg"]
[Date "2012.09.15"]
[Round "3"]
[White "Heinrich, Leon"]
[Black "Schmidt, Klaus1111"]
[Result "0-1"]
[WhiteElo "1342"]
[BlackElo "1652"]
[PlyCount "48"]
[EventDate "2012.09.14"]
[EventType "swiss"]
[EventRounds "5"]
[EventCountry "GER"]
[SourceTitle "EXT 2018"]
[Source "ChessBase"]
[SourceDate "2017.10.13"]
[SourceVersion "1"]
[SourceVersionDate "2017.10.13"]
[SourceQuality "1"]

1. e4 g6 2. d4 Bg7 3. f4 d6 4. Nf3 c6 5. Nc3 Nd7 6. Bd3 e5 7. fxe5 dxe5 8. dxe5 Nxe5 9. Nxe5 Bxe5 10. 0-0 Be6 11. Ne2 Qb6+ 12. Kh1 0-0-0 13. c3 h6 14. Qc2 Nf6 15. b4 Qc7 16. Bf4 g5 17. Bxe5 Qxe5 18. a4 Ng4 19. g3 Ne3 20. Qd2 Nxf1 21. Rxf1 Qxe4+ 22. Kg1 Qxd3 23. Qe1 Qe3+ 24. Rf2 Rd6 0-1

[Event "Seebach op 23rd"]
[Site "Grossenseebach"]
[Date "2012.06.09"]
[Round "6"]
[White "Heinrich, Leon"]
[Black "Behnke, Michael"]
[Result "0-1"]
[WhiteElo "1344"]
[BlackElo "1665"]
[PlyCount "112"]
[EventDate "2012.06.07"]
[EventType "swiss"]
[EventRounds "7"]
[EventCountry "GER"]
[SourceTitle "EXT 2013"]
[Source "ChessBase"]
[SourceDate "2012.11.22"]
[SourceVersion "1"]
[SourceVersionDate "2012.11.22"]
[SourceQuality "1"]

1. e4 c5 2. Nc3 d6 3. g3 Nf6 4. Bg2 Nc6 5. f4 e6 6. Nf3 a6 7. 0-0 Qc7 8. d3 Be7 9. Be3 0-0 10. Qd2 Ng4 11. Rad1 Nxe3 12. Qxe3 Bf6 13. Qe2 Nd4 14. Nxd4 Bxd4+ 15. Kh1 Bd7 16. Qd2 Qa5 17. a3 Bxc3 18. Qxc3 Qxc3 19. bxc3 Rab8 20. Rfe1 b5 21. d4 Bc6 22. Kg1 Rfd8 23. Kf2 f6 24. d5 exd5 25. exd5 Ba8 26. Re2 Re8 27. Rde1 Kf7 28. Re6 Rxe6 29. Rxe6 Rb6 30. Ke2 a5 31. Kd2 Bb7 32. Re1 Bc8 33. Rb1 b4 34. cxb4 cxb4 35. axb4 axb4 36. Kd3 Bf5+ 37. Be4 Kg6 38. Bxf5+ Kxf5 39. Ke3 Kg4 40. Kf2 Rb5 41. Rd1 Rc5 42. Rd2 h5 43. Kg2 Kf5 44. Kf3 Rc3+ 45. Ke2 Ke4 46. Kf2 Rc5 47. Re2+ Kxd5 48. Rd2+ Kc6 49. Kf3 d5 50. Ke3 Rc4 51. Ke2 Kc5 52. Ke3 Re4+ 53. Kf3 Kc4 54. Rf2 Kc3 55. Rg2 Re1 56. h3 Rc1 0-1

[Event "Seebach op 23rd"]
[Site "Grossenseebach"]
[Date "2012.06.07"]
[Round "2"]
[White "Heinrich, Leon"]
[Black "Walther, Renate"]
[Result "1-0"]
[WhiteElo "1344"]
[BlackElo "773"]
[PlyCount "61"]
[EventDate "2012.06.07"]
[EventType "swiss"]
[EventRounds "7"]
[EventCountry "GER"]
[SourceTitle "EXT 2013"]
[Source "ChessBase"]
[SourceDate "2012.11.22"]
[SourceVersion "1"]
[SourceVersionDate "2012.11.22"]
[SourceQuality "1"]

1. e4 e5 2. f4 Nc6 3. Nf3 exf4 4. d4 Nf6 5. Nc3 d5 6. exd5 Nxd5 7. Nxd5 Qxd5 8. Be2 Bd6 9. c4 Qf5 10. 0-0 0-0 11. Bd3 Qf6 12. Bc2 Be6 13. d5 Bc5+ 14. Kh1 Nd4 15. Nxd4 Bxd4 16. Rxf4 Bg4 17. Qxg4 Qe5 18. Re4 f5 19. Rxe5 fxg4 20. Re1 Rae8 21. Rxe8 Rxe8 22. Bf4 Be5 23. Re1 Bxf4 24. Rxe8+ Kf7 25. Re6 g6 26. Kg1 g3 27. hxg3 Bxg3 28. Re3 Bf4 29. Rf3 g5 30. g3 g4 31. Rxf4+ 1-0

[Event "Landesliga U20 Nord 1112"]
[Site "Bayern"]
[Date "2012.01.21"]
[Round "5.4"]
[White "Heinrich, Leon"]
[Black "Korn, Lukas Alexander"]
[Result "1-0"]
[WhiteElo "1371"]
[BlackElo "1497"]
[PlyCount "101"]
[EventDate "2011.11.12"]
[EventType "team-tourn"]
[EventRounds "7"]
[EventCountry "GER"]
[SourceTitle "EXT 2022"]
[Source "ChessBase"]
[SourceDate "2021.10.06"]
[SourceVersion "1"]
[SourceVersionDate "2021.10.06"]
[SourceQuality "1"]
[WhiteTeam "Nuernberg NT U20"]
[BlackTeam "Grossenseebach U20"]
[WhiteTeamCountry "GER"]
[BlackTeamCountry "GER"]

1. e4 e5 2. f4 Bc5 3. Nf3 d6 4. Nc3 Nc6 5. Na4 Bb6 6. Bb5 Bd7 7. Nxb6 axb6 8. d3 Qe7 9. 0-0 h6 10. Re1 Nf6 11. Kh1 0-0 12. f5 Nb4 13. Bxd7 Qxd7 14. a3 Qc6 15. Re2 Rfe8 16. Bxh6 gxh6 17. axb4 Rxa1 18. Qxa1 Kh7 19. Qc1 Rg8 20. Ng1 Nh5 21. Re3 Nf4 22. g3 Nh5 23. Qd1 Nf6 24. h3 Qb5 25. Qe1 Nh5 26. g4 Nf4 27. Ne2 Nxe2 28. Rxe2 d5 29. Rg2 f6 30. h4 d4 31. Qd2 Qd7 32. g5 fxg5 33. hxg5 Rxg5 34. Rxg5 hxg5 35. Qxg5 Qf7 36. Kh2 c5 37. bxc5 bxc5 38. Kh3 b5 39. Kh4 Qf8 40. Kh5 Qf7+ 41. Qg6+ Qxg6+ 42. fxg6+ Kg7 43. Kg5 c4 44. Kf5 c3 45. b3 b4 46. Kxe5 Kxg6 47. Kxd4 Kf6 48. Kc4 Ke5 49. Kxb4 Kd4 50. Ka3 Kc5 51. b4+ 1-0

[Event "Forchheim op 10th"]
[Site "Forchheim"]
[Date "2011.10.09"]
[Round "4"]
[White "Franz, Kurt"]
[Black "Heinrich, Leon"]
[Result "1-0"]
[WhiteElo "1413"]
[BlackElo "1168"]
[PlyCount "135"]
[EventDate "2011.10.07"]
[EventType "swiss"]
[EventRounds "5"]
[EventCountry "GER"]
[SourceTitle "CBM 144 Extra"]
[Source "ChessBase"]
[SourceDate "2011.10.28"]
[SourceVersion "1"]
[SourceVersionDate "2011.10.28"]
[SourceQuality "1"]

1. d4 Nf6 2. c4 e6 3. Nc3 Bb4 4. Bd2 Bxc3 5. Bxc3 b6 6. Nf3 Bb7 7. e3 d6 8. Be2 0-0 9. b3 Nbd7 10. 0-0 Ne4 11. Bb2 c5 12. Qc2 Nef6 13. Rad1 Qe7 14. dxc5 dxc5 15. Ba1 Rfd8 16. Qb2 Be4 17. Rd2 Nf8 18. Rfd1 h6 19. Ne1 Ng6 20. f3 Bb7 21. Rd3 Rxd3 22. Rxd3 e5 23. e4 Rd8 24. Qd2 Rxd3 25. Qxd3 Qd7 26. Bf1 Qxd3 27. Nxd3 Nd7 28. g3 f6 29. Bh3 Ndf8 30. Nf2 Kf7 31. Nd1 Ne6 32. Ne3 Ne7 33. Kf2 g6 34. Nd5 Nd4 35. Bxd4 cxd4 36. Nc7 Kg8 37. Nb5 a6 38. Nc7 Nc6 39. Be6+ Kf8 40. Bd5 Ke7 41. Bxc6 Bxc6 42. Nxa6 Kd6 43. Nb4 Bb7 44. Nd5 Bxd5 45. cxd5 f5 46. a4 f4 47. b4 h5 48. a5 bxa5 49. bxa5 Kc7 50. a6 Kb6 51. d6 Kc6 52. a7 Kxd6 53. a8Q Ke7 54. Qb7+ Kf6 55. Qc6+ Kg5 56. h4+ Kh6 57. Qd5 Kh7 58. Qxe5 Kh6 59. Qxf4+ Kh7 60. e5 Kg7 61. Qf6+ Kh6 62. e6 d3 63. e7 d2 64. Qf4+ Kg7 65. Qxd2 Kf7 66. Qd7 Kg7 67. e8Q+ Kf6 68. Qee7# 1-0

[Event "Forchheim op 10th"]
[Site "Forchheim"]
[Date "2011.10.07"]
[Round "1"]
[White "Heinrich, Leon"]
[Black "Wichmann, Adrian"]
[Result "1/2-1/2"]
[WhiteElo "1168"]
[BlackElo "1701"]
[PlyCount "111"]
[EventDate "2011.10.07"]
[EventType "swiss"]
[EventRounds "5"]
[EventCountry "GER"]
[SourceTitle "CBM 144 Extra"]
[Source "ChessBase"]
[SourceDate "2011.10.28"]
[SourceVersion "1"]
[SourceVersionDate "2011.10.28"]
[SourceQuality "1"]

1. e4 e6 2. d4 d5 3. exd5 exd5 4. Nc3 Bb4 5. Nf3 Ne7 6. Be2 0-0 7. 0-0 Nbc6 8. Re1 Bf5 9. a3 Ba5 10. b4 Bb6 11. Na4 Qd6 12. Nxb6 axb6 13. h3 Nxb4 14. Bd3 Nxd3 15. cxd3 Nc6 16. Bb2 Rfe8 17. Ne5 f6 18. Nxc6 bxc6 19. Qf3 Bg6 20. Rac1 Qd7 21. Qg3 Re7 22. Rxe7 Qxe7 23. Rxc6 Rc8 24. Qf3 Qd7 25. Rc1 Re8 26. Kh2 Qd6+ 27. Qg3 Qxg3+ 28. Kxg3 Re7 29. Rc3 Kf8 30. a4 Ke8 31. Ba3 Rd7 32. Kf3 Bf7 33. Ke3 g5 34. g4 h5 35. f3 hxg4 36. hxg4 Be6 37. Ke2 f5 38. gxf5 Bxf5 39. Kd2 g4 40. fxg4 Bxg4 41. Kc2 Rf7 42. Kb3 Kd7 43. Bb4 Bd1+ 44. Ka3 c6 45. a5 bxa5 46. Bxa5 Rf8 47. Ka2 Ra8 48. Ra3 Be2 49. Bb4 Rxa3+ 50. Kxa3 Bxd3 51. Bc5 Bb5 52. Kb4 Ke6 53. Kc3 Kf5 54. Kd2 Ke4 55. Kc3 Ke3 56. Kb4 1/2-1/2

[Event "Nuremberg Zabo op 12th"]
[Site "Nuremberg"]
[Date "2010.09.18"]
[Round "2"]
[White "Schmidt, Klaus"]
[Black "Heinrich, Leon"]
[Result "1-0"]
[WhiteElo "1584"]
[BlackElo "928"]
[PlyCount "91"]
[EventDate "2010.09.17"]
[EventType "swiss"]
[EventRounds "5"]
[EventCountry "GER"]
[SourceTitle "EXT 2011"]
[Source "ChessBase"]
[SourceDate "2010.11.26"]
[SourceVersion "1"]
[SourceVersionDate "2010.11.26"]
[SourceQuality "1"]

1. d4 d5 2. Bf4 e6 3. e3 c5 4. c3 Nf6 5. Nd2 Nc6 6. Ngf3 Be7 7. Bd3 0-0 8. Qc2 h6 9. h3 Qd7 10. Ne5 Nxe5 11. Bxe5 Re8 12. a4 a6 13. a5 c4 14. Be2 Qc6 15. b4 b5 16. axb6 Qxb6 17. Bf3 Bd7 18. Ra5 Rec8 19. 0-0 Ra7 20. Rfa1 Rca8 21. e4 Bc6 22. Bxf6 Bxf6 23. exd5 exd5 24. Bxd5 Bxd5 25. Rxd5 a5 26. Nxc4 Qc7 27. Rc5 Qe7 28. Rcxa5 Rxa5 29. Rxa5 Rxa5 30. Nxa5 Qe1+ 31. Kh2 Bh4 32. g3 Bg5 33. f4 Bd8 34. Nc6 Qe8 35. Nxd8 Qxd8 36. b5 Qd5 37. Qb2 Qc4 38. b6 g5 39. b7 gxf4 40. b8Q+ Kg7 41. Qxf4 Qd3 42. d5 Qxd5 43. c4+ Kg6 44. cxd5 f5 45. Qb6+ Kh5 46. Qxf5# 1-0